The significance of the postwar growth of the Japanese photographic industry
সংরক্ষণ করুন:
| প্রধান লেখক: | |
|---|---|
| বিন্যাস: | গ্রন্থ |
| ভাষা: | Undetermined |
| প্রকাশিত: |
U.S.A.
Western Reserve Iniversity
1965
|
| বিষয়গুলি: | |
| ট্যাগগুলো: |
ট্যাগ যুক্ত করুন
কোনো ট্যাগ নেই, প্রথমজন হিসাবে ট্যাগ করুন!
|
| Thư viện lưu trữ: | Trung tâm Học liệu Trường Đại học Cần Thơ |
|---|
| LEADER | 00620nam a2200205Ia 4500 | ||
|---|---|---|---|
| 001 | CTU_98507 | ||
| 008 | 210402s9999 xx 000 0 und d | ||
| 082 | |a 338.7 | ||
| 082 | |b B531 | ||
| 100 | |a Bernstein, Herbert Martin | ||
| 245 | 4 | |a The significance of the postwar growth of the Japanese photographic industry | |
| 245 | 0 | |c Herbert Martin Bernstein | |
| 260 | |a U.S.A. | ||
| 260 | |b Western Reserve Iniversity | ||
| 260 | |c 1965 | ||
| 650 | |a Photographic industry,World War, 1939-1945 | ||
| 650 | |x Influence | ||
| 650 | |z Japan | ||
| 904 | |i M.Loan | ||
| 980 | |a Trung tâm Học liệu Trường Đại học Cần Thơ | ||